000
00291nam a2200097Ia 4500
082
_a
J|305.8|SANN
245
0
_a
We shall all be free : survivors of racism
100
_a
Sanna, Ellyn, , 1957- Philadelphia, 2009
_9
64382
942
_c
BK
008
210817s9999 xx 000 0 und d
999
_c
205094
_d
205093